[Event "9. LGA Premium Cup 2012"]
[Site "Nürnberg"]
[Date "2012.09.09"]
[Round "6.80"]
[White "Straschewski, Jörg"]
[Black "Reichel, Günther"]
[Result "1-0"]
[WhiteElo "2008"]
[BlackElo "1730"]
[PlyCount "29"]
[EventDate "2012.??.??"]
[WhiteTeam "TSV Cadolzburg e.V."]
[BlackTeam "SC-SF 1957 Stockstadt"]
[WhiteTeamCountry "USA"]

1. d4 e6 2. e4 d5 3. Nc3 c5 4. exd5 exd5 5. Bb5+ Nc6 6. Nf3 Nf6 7. O-O c4 8.
Ne5 Qc7 9. Bg5 Be6 10. f4 Ne4 11. Nxe4 dxe4 12. d5 Qb6+ 13. Kh1 Qxb5 14. dxe6
f6 15. Qd7# 1-0

[Event "9. LGA Premium Cup 2012"]
[Site "Nürnberg"]
[Date "2012.09.09"]
[Round "6.81"]
[White "Diener, Carolin Valeria"]
[Black "Wiesgickl, Gerhard"]
[Result "0-1"]
[WhiteElo "1710"]
[BlackElo "2006"]
[PlyCount "78"]
[EventDate "2012.??.??"]
[WhiteTeam "Sfr.1891 Friedberg"]
[BlackTeam "SG Siemens Amberg"]
[WhiteTeamCountry "USA"]

1. e4 c5 2. Nf3 g6 3. d4 cxd4 4. Nxd4 Bg7 5. Nc3 Nc6 6. Be3 d6 7. Be2 Nf6 8. h3
O-O 9. O-O Bd7 10. Qd2 a6 11. a4 Qc7 12. Nf3 Rac8 13. Ne1 Na5 14. Bg5 Be6 15.
Nd3 Nc4 16. Qc1 Nxb2 17. Qxb2 Nxe4 18. Qc1 Nxg5 19. Qxg5 Bf6 20. Qe3 Qxc3 21.
Rac1 Qa5 22. Qe4 Bd5 23. Qg4 Bc6 24. Rb1 Qxa4 25. Qxa4 Bxa4 26. Rxb7 Rxc2 27.
Nf4 g5 28. Bd1 Rc4 29. Bxa4 Rxf4 30. Bb3 a5 31. Ra7 Rb8 32. Bc2 Rb2 33. Bd3 a4
34. Ra8+ Kg7 35. f3 Rd4 36. Be4 d5 37. Bf5 Rdd2 38. Rc1 Rxg2+ 39. Kf1 Bd4 0-1

[Event "9. LGA Premium Cup 2012"]
[Site "Nürnberg"]
[Date "2012.09.09"]
[Round "6.83"]
[White "Schäfer, Annabelle"]
[Black "Dreiseitel, Werner"]
[Result "1-0"]
[WhiteElo "1904"]
[BlackElo "1584"]
[PlyCount "55"]
[EventDate "2012.??.??"]
[WhiteTeam "Sfr.1891 Friedberg"]
[BlackTeam "SC Noris-Tarrasch Nürnberg 1873"]
[WhiteTeamCountry "USA"]

1. e4 c6 2. Ne2 d5 3. e5 Bf5 4. Ng3 Bg6 5. h4 h6 6. h5 Bh7 7. e6 fxe6 8. d4 Qd6
9. f4 Nf6 10. Bd3 Nbd7 11. Bxh7 Rxh7 12. Qd3 O-O-O 13. a4 c5 14. c3 c4 15. Qc2
Nb8 16. b3 cxb3 17. Qxb3 Nc6 18. a5 Rd7 19. Ra4 Rh8 20. Na3 a6 21. Nc2 Rg8 22.
Ne2 g6 23. hxg6 Rxg6 24. Ne3 Ne4 25. Rh3 Bg7 26. Ba3 Qc7 27. f5 Nxa5 28. Rxa5
1-0

[Event "9. LGA Premium Cup 2012"]
[Site "Nürnberg"]
[Date "2012.09.09"]
[Round "6.84"]
[White "Matuschek, Thomas"]
[Black "Thürauf, Peter"]
[Result "1/2-1/2"]
[WhiteElo "1782"]
[BlackElo "1876"]
[PlyCount "55"]
[EventDate "2012.??.??"]
[WhiteTeam "SG Siemens Amberg"]
[BlackTeam "SW Nürnberg Süd e.V."]
[WhiteTeamCountry "USA"]

1. Nf3 Nf6 2. b3 g6 3. Bb2 Bg7 4. e3 O-O 5. Be2 d5 6. d4 Bg4 7. Nbd2 Nbd7 8.
O-O c5 9. c4 cxd4 10. Bxd4 e6 11. Ne5 Bxe2 12. Qxe2 Nxe5 13. Bxe5 Rc8 14. Rfc1
Qa5 15. Bc3 Qa6 16. Qf3 Nh5 17. Bxg7 Nxg7 18. cxd5 Rxc1+ 19. Rxc1 Qxa2 20. Qd1
exd5 21. Ra1 Qb2 22. Rxa7 Ne6 23. Rxb7 Rc8 24. Qf3 Ng5 25. Qxd5 Rc1+ 26. Nf1
Qe2 27. Qd8+ Kg7 28. Qd4+ 1/2-1/2

[Event "9. LGA Premium Cup 2012"]
[Site "Nürnberg"]
[Date "2012.09.09"]
[Round "6.85"]
[White "Radziwill, Gerrit"]
[Black "Nieke, Karl-Friedrich"]
[Result "1-0"]
[WhiteElo "1841"]
[BlackElo "1528"]
[PlyCount "56"]
[EventDate "2012.??.??"]
[WhiteTeam "Schach-Union München e.V."]
[BlackTeam "SK Lauffen"]
[WhiteTeamCountry "USA"]

1. e4 d5 2. exd5 Qxd5 3. Nc3 Qa5 4. Nf3 Bf5 5. d4 Nf6 6. Bd3 Bxd3 7. Qxd3 Nbd7
8. O-O e6 9. Re1 c6 10. Bd2 Be7 11. Ne5 Qd8 12. Rad1 O-O 13. Qg3 Re8 14. Qf3
Qc7 15. Bg5 Nxe5 16. dxe5 Nd5 17. Ne4 Bxg5 18. Nxg5 h6 19. Ne4 Qxe5 20. c4 Qxb2
21. cxd5 cxd5 22. Nd6 Rf8 23. Rb1 Qxa2 24. Nxb7 Qa6 25. Nc5 Qd6 26. Nd3 Qe7 27.
Rb5 Rfb8 28. Rxd5 Qb7 1-0

[Event "9. LGA Premium Cup 2012"]
[Site "Nürnberg"]
[Date "2012.09.09"]
[Round "6.86"]
[White "Weißbeck, Wolf-Dieter"]
[Black "Siegl, Melina"]
[Result "1/2-1/2"]
[WhiteElo "1874"]
[BlackElo "1788"]
[PlyCount "38"]
[EventDate "2012.??.??"]
[WhiteTeam "SV Alsfeld"]
[BlackTeam "SW Nürnberg Süd e.V."]
[WhiteTeamCountry "USA"]

1. Nf3 d6 2. d4 f5 3. c4 g6 4. Nc3 Bg7 5. h4 Nf6 6. Bg5 h6 7. Bxf6 Bxf6 8. e3
c6 9. Qc2 e5 10. O-O-O e4 11. Nd2 Bxh4 12. Ndxe4 Be7 13. Ng3 Na6 14. a3 Nc7 15.
Nge2 Bg5 16. f4 Be7 17. g4 d5 18. Bh3 dxc4 19. gxf5 gxf5 1/2-1/2

[Event "9. LGA Premium Cup 2012"]
[Site "Nürnberg"]
[Date "2012.09.09"]
[Round "7.1"]
[White "Epishin, Vladimir"]
[Black "Romanov, Evgeny"]
[Result "1/2-1/2"]
[WhiteElo "2579"]
[BlackElo "2590"]
[PlyCount "30"]
[EventDate "2012.??.??"]
[WhiteTeam "Lübecker SV von 1873"]
[BlackTeam "Sportfreunde Katernberg 1913 e.V"]
[TimeControl "6000+550"]

1. d4 d5 2. c4 dxc4 3. e4 Nf6 4. e5 Nd5 5. Bxc4 Nb6 6. Bb3 Nc6 7. Ne2 Bf5 8.
Nbc3 e6 9. O-O Qd7 10. Be3 O-O-O 11. a4 Bb4 12. Bc2 Bxc2 13. Qxc2 Nd5 14. Nxd5
Qxd5 15. Rad1 Qa5 1/2-1/2

[Event "9. LGA Premium Cup 2012"]
[Site "Nürnberg"]
[Date "2012.09.09"]
[Round "7.2"]
[White "Nyzhnyk, Illya"]
[Black "Renner, Christoph"]
[Result "1-0"]
[WhiteElo "2614"]
[BlackElo "2452"]
[PlyCount "61"]
[EventDate "2012.??.??"]
[WhiteTeam "Schachgemeinschaft Porz e.V."]
[BlackTeam "FC Bayern München e.V."]
[TimeControl "6000+955"]

1. d4 f5 2. Bg5 g6 3. Nd2 Nh6 4. Ngf3 Nf7 5. Bh4 Bg7 6. e4 fxe4 7. Nxe4 O-O 8.
Be2 d5 9. Ned2 Nc6 10. c3 Qe8 11. O-O e5 12. dxe5 Ncxe5 13. Re1 Qc6 14. Qb3 Bd7
15. Rad1 Kh8 16. Nf1 Nc4 17. Rxd5 Qxd5 18. Bxc4 Qf5 19. Ne3 Qf4 20. Bg3 Qf6 21.
Nd5 Qf5 22. Nxc7 Rac8 23. Nd4 Bxd4 24. cxd4 h5 25. h4 g5 26. Bd3 Qf6 27. Qd5
Bc6 28. hxg5 Qg7 29. Qc5 h4 30. Ne6 Qg8 31. Be5+ 1-0

[Event "9. LGA Premium Cup 2012"]
[Site "Nürnberg"]
[Date "2012.09.09"]
[Round "7.3"]
[White "Baramidze, David"]
[Black "Wagner, Dennis"]
[Result "1-0"]
[WhiteElo "2606"]
[BlackElo "2445"]
[PlyCount "57"]
[EventDate "2012.??.??"]
[WhiteTeam "SV Hockenheim"]
[BlackTeam "SV Hockenheim"]
[TimeControl "6000+1575"]

1. c4 g6 2. d4 Nf6 3. Nc3 d5 4. Nf3 Bg7 5. Bf4 O-O 6. e3 c5 7. dxc5 Qa5 8. Rc1
dxc4 9. Bxc4 Qxc5 10. Qe2 Nc6 11. O-O Nh5 12. Bc7 Be6 13. Bxe6 fxe6 14. Rfd1
Rac8 15. Bg3 Nxg3 16. hxg3 Qa5 17. Rd7 b5 18. Qxb5 Qxb5 19. Nxb5 Bxb2 20. Rb1
Bf6 21. Nxa7 Nxa7 22. Rxa7 Rc2 23. g4 g5 24. e4 h5 25. e5 Bxe5 26. Nxe5 Rfxf2
27. Rb8+ Kg7 28. Rxe7+ Kf6 29. Rf7+ 1-0

[Event "9. LGA Premium Cup 2012"]
[Site "Nürnberg"]
[Date "2012.09.09"]
[Round "7.4"]
[White "Danin, Alexandre"]
[Black "Zude, Arno"]
[Result "1/2-1/2"]
[WhiteElo "2568"]
[BlackElo "2446"]
[PlyCount "125"]
[EventDate "2012.??.??"]
[WhiteTeam "Schachclub Tornado Wuppertal 199"]
[BlackTeam "SV 1920 Hofheim"]
[TimeControl "6000+1715"]

1. e4 e5 2. Nf3 Nc6 3. d4 exd4 4. Nxd4 Nf6 5. Nxc6 bxc6 6. e5 Qe7 7. Qe2 Nd5 8.
c4 Nb6 9. Nd2 a5 10. g3 a4 11. Bg2 Qe6 12. Rb1 Bb4 13. b3 axb3 14. axb3 O-O 15.
O-O d5 16. Nf3 Bd7 17. Bf4 h6 18. Rfc1 c5 19. cxd5 Nxd5 20. Bd2 Ra2 21. Qd3 c6
22. Rc2 Rfa8 23. Bxb4 cxb4 24. Rxa2 Rxa2 25. Re1 Qe7 26. Qc4 Be6 27. Qxc6 Qa7
28. Rf1 Nc3 29. Qd6 Bd5 30. Qxb4 Ne2+ 31. Kh1 Qa8 32. Nh4 Ra1 33. Re1 Nd4 34.
Bxd5 Qxd5+ 35. Ng2 Nc2 36. Qb8+ Kh7 37. Rxa1 Nxa1 38. Qd6 Qe4 39. Qd1 Qxe5 40.
Qb1+ g6 41. b4 Qc3 42. b5 Nb3 43. h4 Nd2 44. Qe1 Qd4 45. Qe2 Ne4 46. Ne3 Qb4
47. Qf3 f5 48. h5 Qxb5 49. hxg6+ Kxg6 50. g4 Qb1+ 51. Kg2 fxg4 52. Qf5+ Kg7 53.
Qd7+ Kg6 54. Qe8+ Kg7 55. Qe7+ Kg6 56. Nxg4 Ng5 57. Qd6+ Kf7 58. Ne5+ Kg7 59.
Qe7+ Kg8 60. Qe8+ Kg7 61. Qe7+ Kg8 62. Qe8+ Kg7 63. Qe7+ 1/2-1/2

[Event "9. LGA Premium Cup 2012"]
[Site "Nürnberg"]
[Date "2012.09.09"]
[Round "7.5"]
[White "Donchenko, Alexander"]
[Black "Braun, Arik"]
[Result "0-1"]
[WhiteElo "2395"]
[BlackElo "2557"]
[PlyCount "78"]
[EventDate "2012.??.??"]
[WhiteTeam "SK 1858 Gießen"]
[BlackTeam "SC Eppingen"]
[TimeControl "6000+700"]

1. d4 Nf6 2. Nf3 e6 3. c4 c5 4. dxc5 Bxc5 5. e3 b6 6. a3 Bb7 7. Be2 Be7 8. O-O
O-O 9. Nbd2 Qc7 10. b3 d6 11. Bb2 Nbd7 12. Nd4 a6 13. Bf3 Rfc8 14. Rc1 Rab8 15.
Qe2 Bf8 16. h3 e5 17. Bxb7 Qxb7 18. Nf5 b5 19. cxb5 axb5 20. e4 g6 21. Ng3 Bh6
22. Rxc8+ Rxc8 23. Qd3 Nc5 24. Qf3 Kg7 25. Rd1 Bxd2 26. Rxd2 Nfxe4 27. Rxd6
Nxd6 28. Bxe5+ Kf8 29. Bxd6+ Kg8 30. Qf6 Nd7 31. Qd4 Qb6 32. Qf4 Qc6 33. Kh2
Qd5 34. Qb4 Rc2 35. Ne4 f5 36. Qa5 Qe6 37. Qd8+ Kg7 38. Bf8+ Nxf8 39. Qd4+ Kg8
0-1

[Event "9. LGA Premium Cup 2012"]
[Site "Nürnberg"]
[Date "2012.09.09"]
[Round "7.6"]
[White "Hector, Jonny"]
[Black "Fedorovsky, Michael"]
[Result "1-0"]
[WhiteElo "2537"]
[BlackElo "2401"]
[PlyCount "55"]
[EventDate "2012.??.??"]
[WhiteTeam "Schachklub Turm Emsdetten e.V."]
[BlackTeam "SC Tarrasch 45 München"]
[TimeControl "6000+1635"]

1. e4 c5 2. Nf3 d6 3. d4 cxd4 4. Nxd4 Nf6 5. Nc3 g6 6. Be3 Bg7 7. Be2 Nc6 8.
Qd2 O-O 9. O-O-O Nxd4 10. Bxd4 Be6 11. g4 Qa5 12. g5 Nd7 13. Bxg7 Kxg7 14. a3
Rfc8 15. h4 Rab8 16. h5 b5 17. Rh4 b4 18. Nd5 Bxd5 19. exd5 Qc5 20. axb4 Qxf2
21. Rdh1 Rh8 22. Rf4 Qg2 23. h6+ Kf8 24. Rhf1 Ne5 25. Kb1 Rc8 26. R4f2 Qe4 27.
Ba6 Rb8 28. Rf4 1-0

[Event "9. LGA Premium Cup 2012"]
[Site "Nürnberg"]
[Date "2012.09.09"]
[Round "7.7"]
[White "Kunin, Vitaly"]
[Black "Zude, Erik"]
[Result "1-0"]
[WhiteElo "2511"]
[BlackElo "2395"]
[PlyCount "129"]
[EventDate "2012.??.??"]
[WhiteTeam "Freibauer Mörlenbach-Birkenau"]
[BlackTeam "SV 1920 Hofheim"]
[TimeControl "6000+1090"]

1. d4 Nf6 2. c4 g6 3. Nc3 Bg7 4. e4 d6 5. h3 O-O 6. Nf3 e5 7. d5 Nh5 8. Nh2 Qe8
9. Be2 Nf4 10. Bf3 f5 11. g3 Nxh3 12. Bg2 Qf7 13. Bxh3 fxe4 14. Nxe4 Bxh3 15.
Ng4 Qf5 16. Rxh3 Qxe4+ 17. Qe2 Qg2 18. Rh4 c6 19. Bg5 cxd5 20. O-O-O d4 21. Bh6
Bxh6+ 22. Nxh6+ Kg7 23. Ng4 Nd7 24. Qd2 Rf7 25. Qh6+ Kg8 26. Rdh1 Nf8 27. Qg5
Qf3 28. Nh6+ Kg7 29. Nxf7 Qxf7 30. f4 Re8 31. b3 a5 32. Rf1 Ne6 33. Qh6+ Kg8
34. f5 gxf5 35. Rh5 Qg6 36. Rfxf5 Qxh6+ 37. Rxh6 e4 38. Rd5 Kg7 39. Rh4 Nc5 40.
Rxd4 Re6 41. Kd1 Rg6 42. Ke2 h6 43. Kf2 Kf7 44. Rd5 Rf6+ 45. Ke2 Rg6 46. g4 b6
47. Rdh5 Kg7 48. Ke3 Rf6 49. Rf5 Rg6 50. Rf4 Re6 51. Rh5 Kg6 52. Rhf5 a4 53. b4
Nd3 54. Rxe4 Rxe4+ 55. Kxe4 Nxb4 56. a3 Nc2 57. Rd5 Nxa3 58. Kd3 Kf7 59. Rxd6
b5 60. c5 Nc4 61. Rxh6 a3 62. Kc3 a2 63. Ra6 Ne5 64. Rxa2 Nxg4 65. Kb4 1-0

[Event "9. LGA Premium Cup 2012"]
[Site "Nürnberg"]
[Date "2012.09.09"]
[Round "7.8"]
[White "Pezerovic, Edin"]
[Black "Szabo, Bence"]
[Result "0-1"]
[WhiteElo "2459"]
[BlackElo "2348"]
[PlyCount "68"]
[EventDate "2012.??.??"]
[WhiteTeam "Münchener SC 1836 e.V."]
[BlackTeam "HUN"]
[TimeControl "6000+510"]

1. d4 Nf6 2. Bg5 d5 3. Nf3 c6 4. e3 Bg4 5. c4 e6 6. Qb3 Nbd7 7. Nc3 Qb6 8. h3
Bh5 9. Bd3 Be7 10. c5 Qxb3 11. axb3 Bxf3 12. gxf3 a6 13. f4 Ng8 14. Rg1 g6 15.
Ke2 Bxg5 16. Rxg5 Ne7 17. f3 f6 18. Rg2 e5 19. Kd2 exd4 20. exd4 f5 21. Re2 Kf7
22. Re3 Rhe8 23. Ra4 Ng8 24. Rb4 Rab8 25. Na4 Rxe3 26. Kxe3 a5 27. Rb6 Nxb6 28.
cxb6 Nf6 29. Kd2 Nh5 30. Nc5 Nxf4 31. Nd7 Rd8 32. Ne5+ Ke6 33. Ba6 Rb8 34. Bf1
Nh5 0-1

[Event "9. LGA Premium Cup 2012"]
[Site "Nürnberg"]
[Date "2012.09.09"]
[Round "7.9"]
[White "Berchtenbreiter, Maximilian"]
[Black "Heinz, Axel"]
[Result "1/2-1/2"]
[WhiteElo "2328"]
[BlackElo "2456"]
[PlyCount "42"]
[EventDate "2012.??.??"]
[WhiteTeam "SGem Pang/Rosenheim"]
[BlackTeam "TSV Bindlach Aktionär-Schachabte"]

1. Nf3 Nf6 2. c4 e6 3. b3 c5 4. Bb2 b6 5. g3 Bb7 6. Bg2 Be7 7. O-O O-O 8. d3 d5
9. cxd5 Nxd5 10. Nbd2 Bf6 11. Qc2 Nc6 12. a3 Rc8 13. e3 Bxb2 14. Qxb2 Qd6 15.
Rfd1 Rfd8 16. Rac1 h6 17. Nc4 Qe7 18. h3 Ba8 19. Rc2 Nf6 20. Nfe5 Nxe5 21. Nxe5
Bxg2 1/2-1/2

[Event "9. LGA Premium Cup 2012"]
[Site "Nürnberg"]
[Date "2012.09.09"]
[Round "7.11"]
[White "Ikonnikov, Vyacheslav"]
[Black "Richter, Christian"]
[Result "1/2-1/2"]
[WhiteElo "2525"]
[BlackElo "2362"]
[PlyCount "92"]
[EventDate "2012.??.??"]
[WhiteTeam "SF Bad Mergentheim"]
[BlackTeam "Schachklub Turm Emsdetten e.V."]

1. d4 d5 2. Nf3 a6 3. e3 Nf6 4. c4 dxc4 5. Bxc4 e6 6. O-O c5 7. Bb3 Nc6 8. Qe2
Be7 9. Rd1 Qc7 10. Nc3 O-O 11. dxc5 Bxc5 12. h3 Rd8 13. Rxd8+ Qxd8 14. e4 Nd4
15. Nxd4 Bxd4 16. Bg5 h6 17. Bh4 Qc7 18. Rd1 Be5 19. Rd3 Bd7 20. Bg3 Bc6 21.
Bxe5 Qxe5 22. Qe3 Nd7 23. f4 Qc5 24. Kf2 e5 25. f5 Qb4 26. Bd5 Nf6 27. Rd2 Rc8
28. a3 Qa5 29. Kf3 Qc7 30. Bxc6 Qxc6 31. Qd3 Qb6 32. Kg3 Qg1 33. Rd1 Nh5+ 34.
Kf3 Qh2 35. Kf2 Qf4+ 36. Qf3 Qg5 37. Kg1 Nf6 38. Kh2 Rc4 39. Re1 Rd4 40. Re2
Kf8 41. Qg3 Qxg3+ 42. Kxg3 Rd3+ 43. Kf2 Ke7 44. Re3 Rd2+ 45. Re2 Rd3 46. Re3
Rd2+ 1/2-1/2

[Event "9. LGA Premium Cup 2012"]
[Site "Nürnberg"]
[Date "2012.09.09"]
[Round "7.12"]
[White "Milov, Leonid"]
[Black "Klundt, Klaus"]
[Result "1-0"]
[WhiteElo "2520"]
[BlackElo "2347"]
[PlyCount "74"]
[EventDate "2012.??.??"]
[WhiteTeam "SC Noris-Tarrasch Nürnberg 1873"]
[BlackTeam "SC Heusenstamm"]

1. e4 c5 2. Nf3 Nc6 3. d4 cxd4 4. Nxd4 Qb6 5. Nb3 Nf6 6. Nc3 e6 7. a3 Qc7 8.
Qf3 d6 9. Qg3 a6 10. Bd3 b5 11. O-O Bb7 12. f4 b4 13. axb4 Nxb4 14. Be3 d5 15.
e5 Ne4 16. Bxe4 dxe4 17. Rac1 Nd5 18. Nxd5 exd5 19. Qf2 Be7 20. Bb6 Qd7 21. f5
Rc8 22. Qg3 Qc6 23. Be3 Bf8 24. Nd4 Qc7 25. c3 g6 26. Bf4 Qb6 27. e6 fxe6 28.
fxg6 hxg6 29. Qxg6+ Kd7 30. Be5 Be7 31. Rf7 Rcf8 32. Rcf1 Rxf7 33. Rxf7 Re8 34.
h4 Bc8 35. b4 Kd8 36. h5 e3 37. Qd3 Bg5 1-0

[Event "9. LGA Premium Cup 2012"]
[Site "Nürnberg"]
[Date "2012.09.09"]
[Round "7.13"]
[White "Hilverda, Alexander"]
[Black "Heimann, Andreas"]
[Result "0-1"]
[WhiteElo "2333"]
[BlackElo "2490"]
[PlyCount "106"]
[EventDate "2012.??.??"]
[WhiteTeam "SC Erlangen 48/88 e.V."]
[BlackTeam "OSG Baden-Baden"]

1. d4 Nf6 2. c4 e6 3. Nc3 Bb4 4. Qc2 d5 5. a3 Bxc3+ 6. Qxc3 dxc4 7. Qxc4 b6 8.
Bf4 Ba6 9. Qxc7 Qd5 10. Qd6 Qa5+ 11. Qb4 Nc6 12. Qxa5 Nxa5 13. O-O-O Rc8+ 14.
Kb1 Nb3 15. Nf3 Ne4 16. e3 Bb7 17. Bb5+ Ke7 18. Bg3 g5 19. Ba4 Bd5 20. Bxb3
Bxb3 21. Rc1 h5 22. h4 g4 23. Ne5 Nd2+ 24. Ka1 Bd5 25. Rxc8 Rxc8 26. f3 gxf3
27. gxf3 Nxf3 28. Nxf3 Bxf3 29. Rf1 Bg2 30. Rg1 Be4 31. Be5 a5 32. Rf1 a4 33.
Bf6+ Kd7 34. d5 Bxd5 35. Bd4 f5 36. Bxb6 Rc2 37. Bd4 Kc6 38. Be5 Kb5 39. Rd1
Re2 40. Bf4 Kc5 41. Rc1+ Bc4 42. Rd1 Bb3 43. Rf1 Kd5 44. Bg5 Bc2 45. Ka2 e5 46.
Ka1 Kc4 47. Ka2 Kd3 48. Rc1 Rxe3 49. Rxc2 Kxc2 50. Bxe3 f4 51. Bb6 e4 52. Bc7
f3 53. Bb6 Kd3 0-1

[Event "9. LGA Premium Cup 2012"]
[Site "Nürnberg"]
[Date "2012.09.09"]
[Round "7.14"]
[White "Farago, Ivan"]
[Black "Seyb, Alexander"]
[Result "1-0"]
[WhiteElo "2486"]
[BlackElo "2313"]
[PlyCount "77"]
[EventDate "2012.??.??"]
[WhiteTeam "SV Griesheim(DA)"]
[BlackTeam "SC Forchheim e.V."]

1. d4 Nf6 2. c4 e6 3. Nf3 b6 4. g3 Ba6 5. Qa4 Bb7 6. Bg2 c5 7. dxc5 bxc5 8. O-O
Be7 9. Nc3 O-O 10. Bf4 d6 11. Rfd1 Qb6 12. Rab1 Na6 13. a3 Bc6 14. Qc2 Rfd8 15.
e4 Qb7 16. Ne1 h6 17. Qe2 Nc7 18. b4 cxb4 19. axb4 e5 20. Bc1 Ne6 21. Nc2 Be8
22. Ne3 Rac8 23. Nf5 Bf8 24. Nd5 Nxd5 25. exd5 Nc7 26. Qg4 Na6 27. Bxh6 g6 28.
Bxf8 Kxf8 29. Ne3 Nxb4 30. c5 dxc5 31. d6 Bc6 32. Qg5 Bxg2 33. Qxe5 Kg8 34.
Nxg2 Qd7 35. Ne3 Re8 36. Qf4 Re6 37. Ng4 f5 38. Ne5 Qg7 39. Qc4 1-0

[Event "9. LGA Premium Cup 2012"]
[Site "Nürnberg"]
[Date "2012.09.09"]
[Round "7.16"]
[White "Hoffmann, Michael"]
[Black "Göbel, Constantin"]
[Result "1/2-1/2"]
[WhiteElo "2479"]
[BlackElo "2231"]
[PlyCount "49"]
[EventDate "2012.??.??"]
[WhiteTeam "Schachgesellschaft Solingen e.V."]
[BlackTeam "TSV Schott Mainz"]

1. d4 Nf6 2. c4 e6 3. Nc3 Bb4 4. e3 O-O 5. Bd3 d5 6. cxd5 exd5 7. Nge2 Re8 8.
Bd2 c6 9. O-O Bd6 10. f3 Nbd7 11. Rc1 a6 12. Qe1 c5 13. g4 Nf8 14. g5 Nh5 15.
Qh4 g6 16. Nxd5 cxd4 17. e4 Be6 18. Ndf4 Bxf4 19. Nxf4 Nxf4 20. Bxf4 Bxa2 21.
Bc7 Qd7 22. f4 Rac8 23. Be5 Qe6 24. Bf6 h5 25. f5 1/2-1/2

[Event "9. LGA Premium Cup 2012"]
[Site "Nürnberg"]
[Date "2012.09.09"]
[Round "7.18"]
[White "Höfelsauer, Thomas"]
[Black "Svane, Rasmus"]
[Result "1-0"]
[WhiteElo "2217"]
[BlackElo "2397"]
[PlyCount "105"]
[EventDate "2012.??.??"]
[WhiteTeam "Schachklub München Südost e.V."]
[BlackTeam "Hamburger SK von 1830 eV"]

1. d4 Nf6 2. Nf3 d5 3. c4 e6 4. Nc3 Be7 5. cxd5 exd5 6. Bf4 c6 7. e3 Bf5 8. Bd3
Bxd3 9. Qxd3 Nbd7 10. h3 O-O 11. O-O Re8 12. Rac1 Bf8 13. Ne5 Nxe5 14. Bxe5 Bd6
15. Bxd6 Qxd6 16. a3 Ne4 17. Nxe4 Rxe4 18. b4 a6 19. g3 Rae8 20. Rce1 h5 21. h4
R8e6 22. Kg2 Rf6 23. Qe2 Rg4 24. Rh1 Rfg6 25. Rh3 Qe7 26. Kf1 Qf6 27. Kg2 Rxh4
28. Reh1 Rxh3 29. Rxh3 h4 30. Qh5 Rh6 31. Qg4 hxg3 32. Rxg3 Kh7 33. Kf1 Qg6 34.
Qxg6+ Rxg6 35. Rf3 Kg8 36. Rf5 Rh6 37. Kg2 g6 38. Rg5 f6 39. Rg3 Kf7 40. f3 Rh4
41. Kg1 f5 42. f4 Rg4 43. Kg2 Kf6 44. Kh3 Rxg3+ 45. Kxg3 g5 46. fxg5+ Kxg5 47.
a4 b6 48. a5 b5 49. Kf3 f4 50. exf4+ Kf5 51. Kg3 Ke4 52. Kg4 c5 53. bxc5 1-0

[Event "9. LGA Premium Cup 2012"]
[Site "Nürnberg"]
[Date "2012.09.09"]
[Round "7.19"]
[White "Klek, Hanna Marie"]
[Black "Meinhardt, Maximilian"]
[Result "1/2-1/2"]
[WhiteElo "2214"]
[BlackElo "2397"]
[PlyCount "32"]
[EventDate "2012.??.??"]
[WhiteTeam "SC Erlangen 48/88 e.V."]
[BlackTeam "SC 1934 Viernheim"]

1. e4 e6 2. d4 d5 3. Nc3 Nc6 4. Nf3 Nf6 5. Bd3 Bb4 6. O-O Bxc3 7. exd5 Nxd4 8.
bxc3 Nxf3+ 9. Qxf3 Qxd5 10. Qg3 Bd7 11. Qxc7 Bc6 12. Qg3 Ne4 13. Bxe4 Qxe4 14.
f3 Qf5 15. Ba3 O-O-O 16. Qf2 Rd5 1/2-1/2

[Event "9. LGA Premium Cup 2012"]
[Site "Nürnberg"]
[Date "2012.09.09"]
[Round "7.20"]
[White "Appel, Helmut"]
[Black "Zelbel, Patrick"]
[Result "1/2-1/2"]
[WhiteElo "2212"]
[BlackElo "2368"]
[PlyCount "48"]
[EventDate "2012.??.??"]
[WhiteTeam "TSV Kareth-Lappersdorf"]
[BlackTeam "Schachclub Hansa Dortmund e.V."]

1. e4 c5 2. c3 d5 3. exd5 Qxd5 4. d4 Nc6 5. Nf3 Bg4 6. Be2 cxd4 7. cxd4 Nf6 8.
Nc3 Qa5 9. O-O e6 10. Qb3 Qb4 11. Rd1 a6 12. Bg5 Be7 13. Bxf6 Bxf6 14. d5 Qxb3
15. axb3 exd5 16. Nxd5 Bd8 17. b4 Rc8 18. b5 axb5 19. Bxb5 O-O 20. Rac1 Be6 21.
Nf4 Bg4 22. Nd5 Be6 23. Nf4 Bg4 24. Nd5 Be6 1/2-1/2

[Event "9. LGA Premium Cup 2012"]
[Site "Nürnberg"]
[Date "2012.09.09"]
[Round "7.21"]
[White "Heimrath, Reiner"]
[Black "Donchenko, Anatoly"]
[Result "1/2-1/2"]
[WhiteElo "2205"]
[BlackElo "2364"]
[PlyCount "60"]
[EventDate "2012.??.??"]
[WhiteTeam "SC Noris-Tarrasch Nürnberg 1873"]
[BlackTeam "SK 1858 Gießen"]

1. e4 c5 2. Nf3 e6 3. g3 Nc6 4. Bg2 Nf6 5. Qe2 d6 6. c3 Be7 7. O-O O-O 8. d4
Qc7 9. Na3 cxd4 10. Nb5 d3 11. Qxd3 Qb8 12. a4 Rd8 13. Qe2 Bd7 14. a5 Be8 15.
Re1 h6 16. h3 a6 17. Nbd4 Ne5 18. Nd2 Qc7 19. f4 Nc6 20. N4b3 Rab8 21. Kh2 Bf8
22. Nf3 b5 23. axb6 Qxb6 24. Nbd2 a5 25. Nc4 Qc7 26. Na3 a4 27. Nb5 Qb7 28.
Nbd4 Nxd4 29. Nxd4 Qb6 30. Nc2 Bb5 1/2-1/2

[Event "9. LGA Premium Cup 2012"]
[Site "Nürnberg"]
[Date "2012.09.09"]
[Round "7.22"]
[White "Löw, Gerald"]
[Black "Ginsburg, Gennadi"]
[Result "0-1"]
[WhiteElo "2270"]
[BlackElo "2516"]
[PlyCount "66"]
[EventDate "2012.??.??"]
[WhiteTeam "TSV Bindlach Aktionär-Schachabte"]
[BlackTeam "SV 1920 Hofheim"]

1. c4 Nf6 2. g3 g6 3. Bg2 Bg7 4. Nc3 O-O 5. e4 e5 6. Nge2 d6 7. O-O c6 8. d3 a6
9. h3 b5 10. Be3 Nbd7 11. Qd2 Bb7 12. f4 exf4 13. gxf4 Re8 14. Rae1 Qc7 15. b3
b4 16. Nd1 a5 17. Nf2 c5 18. Ng3 a4 19. f5 axb3 20. axb3 Ra3 21. Rb1 Rea8 22.
Bh6 Ra2 23. Qf4 Bxh6 24. Qxh6 d5 25. Qh4 dxe4 26. Bxe4 g5 27. Qxg5+ Kh8 28. Qe3
Rg8 29. Ng4 Nxg4 30. hxg4 Rxg4 31. Rf3 Bxe4 32. dxe4 Ne5 33. Rf4 Nxc4 0-1

[Event "9. LGA Premium Cup 2012"]
[Site "Nürnberg"]
[Date "2012.09.09"]
[Round "7.23"]
[White "Gutman, Lev"]
[Black "Schuster, Karsten"]
[Result "1/2-1/2"]
[WhiteElo "2477"]
[BlackElo "2266"]
[PlyCount "88"]
[EventDate "2012.??.??"]
[WhiteTeam "SV Lingen"]
[BlackTeam "SC Gröbenzell"]

1. Nf3 Nf6 2. g3 b6 3. Bg2 Bb7 4. O-O e6 5. c4 Be7 6. b3 O-O 7. Bb2 c5 8. e3 d5
9. d3 Nbd7 10. Qe2 Qc7 11. Nc3 Bc6 12. Rac1 Qb7 13. cxd5 Nxd5 14. Nxd5 Bxd5 15.
e4 Bc6 16. Ne5 Nxe5 17. Bxe5 Rfd8 18. Rfd1 Rd7 19. b4 Rad8 20. Qg4 Bf8 21. Bf6
Rc8 22. bxc5 Ba4 23. Re1 Rxc5 24. d4 h5 25. Qh4 Rxc1 26. Rxc1 gxf6 27. e5 Qa6
28. exf6 Qe2 29. h3 Bc2 30. Qg5+ Bg6 31. Rc8 Qd1+ 32. Kh2 Rxd4 33. Re8 Qd2 34.
f4 Rd8 35. Rxe6 Kh7 36. Re5 Bh6 37. Qh4 Rd4 38. Rxh5 Bxh5 39. Qxh5 Rd7 40. Qf5+
Kg8 41. h4 Rc7 42. Qg4+ Kh7 43. Qf5+ Kg8 44. Qg4+ Kh7 1/2-1/2

[Event "9. LGA Premium Cup 2012"]
[Site "Nürnberg"]
[Date "2012.09.09"]
[Round "7.24"]
[White "Lorscheid, Gerhard"]
[Black "Zaragatski, Ilja"]
[Result "0-1"]
[WhiteElo "2254"]
[BlackElo "2471"]
[PlyCount "40"]
[EventDate "2012.??.??"]
[WhiteTeam "Stuttgarter SF 1879"]
[BlackTeam "Sportfreunde Katernberg 1913 e.V"]

1. g3 e5 2. Bg2 d5 3. d3 Nc6 4. Nf3 Nf6 5. O-O Be7 6. c3 a5 7. Nbd2 O-O 8. e4
dxe4 9. dxe4 Bc5 10. Qc2 b6 11. Nc4 Ba6 12. Rd1 Qe7 13. Ne3 Rad8 14. Nd5 Nxd5
15. exd5 e4 16. Ne1 Ne5 17. d6 Rxd6 18. Rxd6 cxd6 19. Qxe4 d5 20. Qf4 Ng4 0-1